000 00871cam a2200265u 4500
999 _c23722
_d23722
001 10444073
003 BDDh-ASL
005 20231015030259.0
008 810114s1958 fr 000 0 fre
010 _a 77406012
040 _aDLC
_cCarP
_dDLC
_dBDDh-ASL
043 _af-mr---
050 0 0 _aBP80.Y78
_bB4
082 _a922
_bBEA
100 1 _aBerque, Jacques.
245 0 0 _aAl-Yousi; problèmes de la culture marocaine au XVIIIème siècle /
260 _aParis :
_bMouton,
_c1958.
300 _a144 p. :
_c24 cm.
600 1 0 _aYūsī, al-Ḥasan ibn Masʻūd,
_d1630 or 1631-1691.
651 0 _aMorocco
_xCivilization.
740 0 _aProblèmes de la culture marocaine au XVIIIème siècle.
830 0 _aMonde d'outre-mer, passé et présent.
_nPremière série,
_pEtudes ;
_v2.
906 _a0
_bcbc
_cpremunv
_du
_encip
_f19
_gy-gencatlg
942 _2ddc
_cBK